| 000 | 00595nam a2200241Ia 4500 | ||
|---|---|---|---|
| 003 | OSt | ||
| 005 | 20221005122012.0 | ||
| 006 | a|||||r|||| 00| 0 | ||
| 007 | ta | ||
| 008 | 221004b |||||||| |||| 00| 0 eng d | ||
| 024 | _a33800 | ||
| 037 | _cTextual | ||
| 040 |
_aCRL _cCRL _beng |
||
| 041 |
_2eng _aeng |
||
| 082 | _aN52vN3, E2 | ||
| 100 | _aBrown Percy | ||
| 245 | 0 | _aIndian painting | |
| 260 | _c1912 | ||
| 490 | _a(Heritage of India,ed by V S Azariah and J N Farq | ||
| 650 | _aARTS | ||
| 942 |
_hN52vN3, E2 _cTEXL _2cc |
||
| 999 |
_c1042961 _d1042961 |
||